000 00622nam a2200193 u 4500
001 000592105
003 AM-YeHGA
005 20250618073511.0
008 080721s1921 ||||| |||||||||||||rus|c
040 _aAM-YeHGA
041 0 _aarm
100 1 _aԱսատուր, Հրանտ,
_d1862-1928
_92174
245 1 0 _aԴիմաստուերներ /
_cՀ. Ասատուր.
260 _aԿ. Պոլիս :
_bտպ. Կ. Քէշիշեան որդի,
_c1921.
300 _aԱ-ԺԵ, 280 էջ ;
_c16 սմ.
650 1 4 _aՀայ գրողների կյանքն ու գործունեությունը
_94515
942 _2udc
_cBK
090 _c242986
999 _c241407
_d241407